Fabulous food the Costco way : (Record no. 2121)

000 -LEADER
fixed length control field 00931nam a22003257a 4500
001 - CONTROL NUMBER
control field 18235091
003 - CONTROL NUMBER IDENTIFIER
control field OSt
005 - DATE AND TIME OF LATEST TRANSACTION
control field 20241031122524.0
008 - FIXED-LENGTH DATA ELEMENTS--GENERAL INFORMATION
fixed length control field 140721s2014 wau 000 0 eng
010 ## - LIBRARY OF CONGRESS CONTROL NUMBER
LC control number 2014946452
020 ## - INTERNATIONAL STANDARD BOOK NUMBER
International Standard Book Number 9780981900360
020 ## - INTERNATIONAL STANDARD BOOK NUMBER
International Standard Book Number 0981900364
040 ## - CATALOGING SOURCE
Original cataloging agency DLC
Language of cataloging eng
Description conventions rda
Transcribing agency DLC
041 ## - LANGUAGE CODE
Language code of text/sound track or separate title eng
042 ## - AUTHENTICATION CODE
Authentication code pcc
080 ## - UNIVERSAL DECIMAL CLASSIFICATION NUMBER
Universal Decimal Classification number 641
Item number T-17
100 ## - MAIN ENTRY--PERSONAL NAME
9 (RLIN) 1352
Personal name Talevich, Tim
Relator term Editor
245 00 - TITLE STATEMENT
Title Fabulous food the Costco way :
Remainder of title flavorful fare using Costco products /
Statement of responsibility, etc. [edited by] Ginnie Roeglin, Tim Talevich.
260 ## - PUBLICATION, DISTRIBUTION, ETC.
Place of publication, distribution, etc. Issaquah, WA
Name of publisher, distributor, etc. Costco Wholesale,
Date of publication, distribution, etc. 2014.
263 ## - PROJECTED PUBLICATION DATE
Projected publication date 1411
300 ## - PHYSICAL DESCRIPTION
Extent 255 p.
Other physical details ill.
336 ## - CONTENT TYPE
Content type term text
Source rdacontent
337 ## - MEDIA TYPE
Media type term unmediated
Source rdamedia
338 ## - CARRIER TYPE
Carrier type term volume
Source rdacarrier
650 #0 - SUBJECT ADDED ENTRY--TOPICAL TERM
9 (RLIN) 468
Topical term or geographic name entry element Culinary
653 ## - INDEX TERM--UNCONTROLLED
Uncontrolled term კულინარია
906 ## - LOCAL DATA ELEMENT F, LDF (RLIN)
a 0
b ibc
c orignew
d 2
e epcn
f 20
g y-gencatlg
942 ## - ADDED ENTRY ELEMENTS (KOHA)
Source of classification or shelving scheme
Koha item type Books
Holdings
Withdrawn status Lost status Source of classification or shelving scheme Damaged status Not for loan Permanent location Current location Date acquired Inventory number Total Checkouts Full call number Barcode Date last seen Price effective from Koha item type
          Ken Walker International University Ken Walker International University 03/11/2021 1524   641 T-17 1524 03/11/2021 03/11/2021 Books

Powered by Koha